<?xml version="1.0" encoding="UTF-8"?>
<record
    xmlns:xsi="http://www.w3.org/2001/XMLSchema-instance"
    xsi:schemaLocation="http://www.loc.gov/MARC21/slim http://www.loc.gov/standards/marcxml/schema/MARC21slim.xsd"
    xmlns="http://www.loc.gov/MARC21/slim">

  <leader>02852cam a2200349 a 4500</leader>
  <controlfield tag="003">EG-GiCUC</controlfield>
  <controlfield tag="005">20250223031722.0</controlfield>
  <controlfield tag="008">170509s2016    ua d   f m    000 0 eng d</controlfield>
  <datafield tag="040" ind1=" " ind2=" ">
    <subfield code="a">EG-GiCUC</subfield>
    <subfield code="b">eng</subfield>
    <subfield code="c">EG-GiCUC</subfield>
  </datafield>
  <datafield tag="041" ind1="0" ind2=" ">
    <subfield code="a">eng</subfield>
  </datafield>
  <datafield tag="049" ind1=" " ind2=" ">
    <subfield code="a">Deposite</subfield>
  </datafield>
  <datafield tag="097" ind1=" " ind2=" ">
    <subfield code="a">M.Sc</subfield>
  </datafield>
  <datafield tag="099" ind1=" " ind2=" ">
    <subfield code="a">Cai01.11.28.M.Sc.2016.Di.T</subfield>
  </datafield>
  <datafield tag="100" ind1="0" ind2=" ">
    <subfield code="a">Dina Aly Abdelhay</subfield>
  </datafield>
  <datafield tag="245" ind1="1" ind2="0">
    <subfield code="a">Troponin as an early marker for detection of cardiomyopathy in beta-thalassemia patients / </subfield>
    <subfield code="c">Dina Aly Abdelhay ; Supervised Mona Hassan Eltagui , Marwa Farouk Mira , Heba Nabil Baz</subfield>
  </datafield>
  <datafield tag="246" ind1="1" ind2="5">
    <subfield code="a">&#x642;&#x64A;&#x627;&#x633; &#x646;&#x633;&#x628;&#x629; &#x627;&#x646;&#x632;&#x64A;&#x645; &#x627;&#x644;&#x62A;&#x631;&#x648;&#x628;&#x648;&#x646;&#x64A;&#x646; &#x643;&#x639;&#x627;&#x644;&#x645;&#x629; &#x645;&#x628;&#x643;&#x631;&#x629; &#x639;&#x644;&#x649; &#x627;&#x639;&#x62A;&#x627;&#x644;&#x644; &#x639;&#x636;&#x644;&#x629; &#x627;&#x644;&#x642;&#x644;&#x628; &#x641;&#x649; &#x645;&#x631;&#x636;&#x649; &#x627;&#x646;&#x64A;&#x645;&#x64A;&#x627; &#x627;&#x644;&#x628;&#x62D;&#x631; &#x627;&#x644;&#x645;&#x62A;&#x648;&#x633;&#x637;</subfield>
  </datafield>
  <datafield tag="260" ind1=" " ind2=" ">
    <subfield code="a">Cairo : </subfield>
    <subfield code="b">Dina Aly Abdelhay , </subfield>
    <subfield code="c">2016</subfield>
  </datafield>
  <datafield tag="300" ind1=" " ind2=" ">
    <subfield code="a">119 P. : </subfield>
    <subfield code="b">charts ; </subfield>
    <subfield code="c">25cm</subfield>
  </datafield>
  <datafield tag="502" ind1=" " ind2=" ">
    <subfield code="a">Thesis (M.Sc.) - Cairo University - Faculty of Medicine - Department of Pediatrics</subfield>
  </datafield>
  <datafield tag="520" ind1=" " ind2=" ">
    <subfield code="a">Heart disease remains the major cause of morbidity and mortality in thalassemic patients. Multiple pathologies have been suggested in the development of cardiac dysfunction in thalassemic patients including: iron overload in the heart, leading to RV diastolic then LV systolic dysfunction, chronic anemia and the tissue hypoxia it induces together with impair free fatty acid oxidation and ATP production in myocardial cells. Because congestive heart failure is the main cause of death in these patients, early recognition of cardiac dysfunction may be useful in modifying the therapy. Tissue doppler echocardiography and serum troponin level may be a promising tool for such a purpose. Thirty thalassemic patients with a mean age of 12.93&#xB1;2.07 years and thirty aged matched healthy control subjects have been included in the study. Patients have been recruited from pediatric hematology clinics in both Cairo university. Conventional, TDI as well as conventional and M-Mode echogardiography was performed to all patients and control subjects in addition to myocardial relaxometry T2* by cardiac MRI and serum assays of troponin. Though no statistically significant difference was noted between cases and controls by conventional echocardiographic parameters, compared to normal subjects, we found by tissue doppler imaging that there is significant difference of Rv e'/a' ratio between cardiac and non-cardiac iron overloaded patients which reflects early diastolic dysfunction in cardiac iron overloaded patients</subfield>
  </datafield>
  <datafield tag="530" ind1=" " ind2=" ">
    <subfield code="a">Issued also as CD</subfield>
  </datafield>
  <datafield tag="653" ind1=" " ind2="4">
    <subfield code="a">Iron load</subfield>
  </datafield>
  <datafield tag="653" ind1=" " ind2="4">
    <subfield code="a">Myocardial affection</subfield>
  </datafield>
  <datafield tag="653" ind1=" " ind2="4">
    <subfield code="a">Thalassemia</subfield>
  </datafield>
  <datafield tag="700" ind1="0" ind2=" ">
    <subfield code="a">Heba Nabil Baz , </subfield>
    <subfield code="e">Supervisor</subfield>
  </datafield>
  <datafield tag="700" ind1="0" ind2=" ">
    <subfield code="a">Marwa Farouk Mira , </subfield>
    <subfield code="e">Supervisor</subfield>
  </datafield>
  <datafield tag="700" ind1="0" ind2=" ">
    <subfield code="a">Mona Hassan Eltagui , </subfield>
    <subfield code="e">Supervisor</subfield>
  </datafield>
  <datafield tag="856" ind1=" " ind2=" ">
    <subfield code="u">http://172.23.153.220/th.pdf</subfield>
  </datafield>
  <datafield tag="905" ind1=" " ind2=" ">
    <subfield code="a">Nazla</subfield>
    <subfield code="e">Revisor</subfield>
  </datafield>
  <datafield tag="905" ind1=" " ind2=" ">
    <subfield code="a">Samia</subfield>
    <subfield code="e">Cataloger</subfield>
  </datafield>
  <datafield tag="942" ind1=" " ind2=" ">
    <subfield code="2">ddc</subfield>
    <subfield code="c">TH</subfield>
  </datafield>
  <datafield tag="999" ind1=" " ind2=" ">
    <subfield code="c">60854</subfield>
    <subfield code="d">60854</subfield>
  </datafield>
  <datafield tag="952" ind1=" " ind2=" ">
    <subfield code="2">ddc</subfield>
    <subfield code="7">0</subfield>
    <subfield code="a">CUCL</subfield>
    <subfield code="b">cl210</subfield>
    <subfield code="d">2024-02-11</subfield>
    <subfield code="o">Cai01.11.28.M.Sc.2016.Di.T</subfield>
    <subfield code="p">01010110071649000</subfield>
    <subfield code="r">2023-09-22 00:00:00</subfield>
    <subfield code="y">TH</subfield>
  </datafield>
  <datafield tag="952" ind1=" " ind2=" ">
    <subfield code="2">ddc</subfield>
    <subfield code="7">0</subfield>
    <subfield code="a">CUCL</subfield>
    <subfield code="b">cl2u8</subfield>
    <subfield code="d">2024-02-11</subfield>
    <subfield code="o">Cai01.11.28.M.Sc.2016.Di.T</subfield>
    <subfield code="p">01020110071649000</subfield>
    <subfield code="r">2023-09-22 00:00:00</subfield>
    <subfield code="t">71649.CD</subfield>
    <subfield code="y">CD</subfield>
  </datafield>
</record>
